| 000 | 01038cac a2200277 a 4500 | ||
|---|---|---|---|
| 003 | Co-PeBPM | ||
| 005 | 20250622183156.0 | ||
| 008 | 231129e1994||||ck |||||||||||||| ||spa|| | ||
| 040 |
_aCo-PeBPM _bspa _cCo-PeBPM _erda |
||
| 041 | _aspa | ||
| 082 | 0 | 4 |
_a467.986152 A658L _222 |
| 100 | 1 | 0 |
_aAraujo Noguera, Consuelo _eautor |
| 245 | 1 | 0 |
_aLexicón del Valle de Upar _b: Voces, modismos, giros, interjecciones, locuciones, dichos, refranes y coplas del habla popular vallenata. _c/ Consuelo Araujonoguera |
| 260 |
_aBogotá, Colombia _b: Instituto Caro y Cuervo _c, 1994 |
||
| 300 |
_a435 páginas _c; 21 centímetros |
||
| 490 |
_aPublicaciones del instituto caro y cuervo series minor _vXXXV |
||
| 500 | _aIncluye Índice. | ||
| 650 | 1 | 4 |
_aLenguas _2LEMB |
| 650 | 1 | 4 |
_aLingüística _2LEMB |
| 650 | 1 | 4 |
_aTemas especiales _2LEMB |
| 650 | 1 | 4 |
_aCiencias sociales _2LEMB |
| 650 | 1 | 4 |
_aComunidades _2LEMB |
| 650 | 1 | 4 |
_aCostumbres, etiqueta, folclore _2LEMB |
| 942 |
_2ddc _cBK |
||
| 999 |
_c19173 _d19173 |
||